[Event "RUS-chB U16 Girls"]
[Site "Dagomys"]
[Date "2009.04.19"]
[Round "5"]
[White "Dashevskaya, Natalia"]
[Black "Kuznetsova, Oksana"]
[Result "0-1"]
[WhiteElo "1785"]
[BlackElo "1892"]
[PlyCount "90"]
[EventDate "2009.04.15"]
[EventType "swiss"]
[EventRounds "9"]
[EventCountry "RUS"]
[SourceTitle "EXT 2010"]
[Source "ChessBase"]
[SourceDate "2010.11.25"]
[SourceVersion "1"]
[SourceVersionDate "2010.11.25"]
[SourceQuality "1"]

1. Nf3 d5 2. e3 Nf6 3. b3 Bg4 4. Bb2 e6 5. Be2 Bd6 6. Ne5 Bxe2 7. Qxe2 0-0 8. f4 c5 9. d3 Nbd7 10. Nd2 Rc8 11. c4 Nb6 12. 0-0 Qe7 13. g4 dxc4 14. dxc4 Rfd8 15. g5 Nfd7 16. Nxd7 Nxd7 17. Ne4 e5 18. Nxd6 Qxd6 19. Qf3 exf4 20. Qxf4 Qxf4 21. Rxf4 Nf8 22. Raf1 Rc7 23. h4 Re7 24. h5 Rd2 25. Ba3 b6 26. R1f2 Rd3 27. Bc1 Ne6 28. Rf5 Red7 29. Kg2 Rd1 30. Bb2 Re1 31. Kf3 Rg1 32. Rd5 Nxg5+ 33. Ke2 Rxd5 34. cxd5 f6 35. h6 Ne4 36. Rf4 Nd6 37. Kf2 Rb1 38. Bc3 g5 39. Ra4 Rd1 40. Bxf6 Rxd5 41. e4 Nxe4+ 42. Rxe4 Rf5+ 43. Kg3 Rxf6 44. Re5 Rxh6 45. Rxg5+ Rg6 0-1

[Event "Gornozavodsk-ch 8th okrug op"]
[Site "Nizhnij Tagil"]
[Date "2007.08.01"]
[Round "8"]
[White "Dashevskaya, Natalia"]
[Black "Savchenko, Mikhail"]
[Result "1/2-1/2"]
[WhiteElo "1742"]
[BlackElo "1986"]
[PlyCount "20"]
[EventDate "2007.07.24"]
[EventType "swiss"]
[EventRounds "9"]
[EventCountry "RUS"]
[SourceTitle "EXT 2022"]
[Source "ChessBase"]
[SourceDate "2021.10.06"]
[SourceVersion "1"]
[SourceVersionDate "2021.10.06"]
[SourceQuality "1"]

1. Nf3 Nf6 2. g3 g6 3. Bg2 Bg7 4. d3 d6 5. 0-0 0-0 6. c4 c5 7. Nc3 Nc6 8. Re1 a6 9. a4 Qc7 10. Bf4 Nh5 1/2-1/2